MARC details
| 000 -LEADER |
| fixed length control field |
01022cam a2200217 4500 |
| 001 - CONTROL NUMBER |
| control field |
WB@3612-32 |
| 008 - FIXED-LENGTH DATA ELEMENTS--GENERAL INFORMATION |
| fixed length control field |
041020n2004 000 0 eng u |
| 035 ## - SYSTEM CONTROL NUMBER |
| System control number |
(Sirsi) u127775 |
| 245 ## - TITLE STATEMENT |
| Title |
KPI packs |
| 260 ## - PUBLICATION, DISTRIBUTION, ETC. |
| Date of publication, distribution, etc. |
2004 |
| 490 ## - SERIES STATEMENT |
| Series statement |
Constructing Excellence Resource Centre |
| Volume/sequential designation |
October 2004 (2) |
| 520 ## - SUMMARY, ETC. |
| Summary, etc. |
Constructing Excellence has published the latest Key Performance Indicators pack for the construction industry for 2004. The pack is a valuable source of information and advice on the use of KPIs and includes wallcharts and handbooks on various aspects of KPIs, graphs for the major sub-sectors of the industry, methods of measurement, a CD-ROM and case studies and a best practice guide. For further details go to the website. http://www.constructingexcellence.org.uk/default.j sp |
| 590 ## - LOCAL NOTE (RLIN) |
| Local note |
WB |
| 590 ## - LOCAL NOTE (RLIN) |
| Local note |
WB |
| 650 ## - SUBJECT ADDED ENTRY--TOPICAL TERM |
| Topical term or geographic name entry element |
KEY PERFORMANCE INDICATORS |
| 650 ## - SUBJECT ADDED ENTRY--TOPICAL TERM |
| Topical term or geographic name entry element |
BENCHMARKING |
| 650 ## - SUBJECT ADDED ENTRY--TOPICAL TERM |
| Topical term or geographic name entry element |
BEST PRACTICE |
| 650 ## - SUBJECT ADDED ENTRY--TOPICAL TERM |
| Topical term or geographic name entry element |
CONSTRUCTION INDUSTRY |
| 690 ## - LOCAL SUBJECT ADDED ENTRY--TOPICAL TERM (OCLC, RLIN) |
| Topical term or geographic name as entry element |
BUILDING AND CONSTRUCTION |
| 942 ## - ADDED ENTRY ELEMENTS (KOHA) |
| Suppress in OPAC |
0 |